[Event "Irish New Year Events-GM 2020"]
[Site "Dublin"]
[Date "2020.01.06"]
[Round "8.2"]
[White "Pang, Khai Jie Ryan"]
[Black "Brady, Stephen"]
[Result "1/2-1/2"]
[WhiteElo "1841"]
[BlackElo "2285"]
[Annotator "ChessBase"]
[PlyCount "158"]
[EventDate "2020.01.02"]
[EventType "tourn"]
[EventCountry "IRL"]
[SourceTitle "playchess.com"]
[Source "ChessBase"]
[SourceQuality "1"]
[TimeControl "40/5400+30:1800+30"]

1. d4 {[%emt 0:01:40]} Nf6 {[%emt 0:04:35]} 2. Nf3 {[%emt 0:00:17]} e6 {[%emt 0:00:05]} 3. Bf4 {[%emt 0:00:14]} b6 {[%emt 0:00:12]} 4. e3 {[%emt 0:00:21]} Bb7 {[%emt 0:00:06]} 5. h3 {[%emt 0:00:41]} Be7 {[%emt 0:00:09]} 6. Nbd2 {[%emt 0:00:21]} O-O {[%emt 0:00:08]} 7. Bd3 {[%emt 0:00:25]} c5 {[%emt 0:00:07]} 8. c3 {[%emt 0:01:09]} Nc6 {[%emt 0:00:09]} 9. O-O {[%emt 0:00:46]} d6 {[%emt 0:00:26]} 10. Bh2 {[%emt 0:02:18]} Re8 {[%emt 0:05:41]} 11. Qe2 {[%emt 0:10:46]} cxd4 {[%emt 0:07:03]} 12. exd4 {[%emt 0:01:05]} Bf8 {[%emt 0:00:10]} 13. Rfe1 {[%emt 0:04:16]} Ne7 {[%emt 0:08:05]} 14. a4 {[%emt 0:06:44]} Ng6 {[%emt 0:01:11]} 15. a5 {[%emt 0:10:33]} Bc6 {[%emt 0:15:57]} 16. Bb5 {[%emt 0:05:47]} Qd7 {[%emt 0:05:45]} 17. Bxc6 {[%emt 0:01:29]} Qxc6 {[%emt 0:00:06]} 18. Qc4 {[%emt 0:01:38]} Qd7 {[%emt 0:03:52]} 19. axb6 {[%emt 0:13:19]} axb6 {[%emt 0:00:08]} 20. Ra6 {[%emt 0:01:15]} b5 {[%emt 0:09:19]} 21. Qa2 {[%emt 0:00:17]} Rab8 {[%emt 0:00:43]} 22. Ra7 {[%emt 0:03:08]} Qc6 {[%emt 0:00:22]} 23. Ng5 {[%emt 0:01:43]} Rb7 {[%emt 0:07:53]} 24. Ra8 {[%emt 0:00:48]} Rxa8 {[%emt 0:02:23]} 25. Qxa8 {[%emt 0:00:10]} Nd5 {[%emt 0:02:26]} 26. Ra1 {[%emt 0:01:36]} Nb6 {[%emt 0:05:47]} 27. Qa6 {[%emt 0:02:59]} Qd5 {[%emt 0:02:44]} 28. Ngf3 {[%emt 0:03:36]} Nc4 {[%emt 0:01:34]} 29. b3 {[%emt 0:03:24]} Nxd2 {[%emt 0:00:23]} 30. Nxd2 {[%emt 0:00:07]} Nh4 {[%emt 0:00:23]} 31. Nf3 {[%emt 0:02:20]} Nxf3+ {[%emt 0:00:08]} 32. gxf3 {[%emt 0:00:03]} Rb8 {[%emt 0:01:50]} 33. Kg2 {[%emt 0:09:58]} h5 {[%emt 0:02:02]} 34. c4 {[%emt 0:03:04]} bxc4 {[%emt 0:00:43]} 35. Qxc4 {[%emt 0:00:19]} Qg5+ {[%emt 0:01:48]} 36. Kh1 {[%emt 0:00:04]} Qf5 {[%emt 0:00:17]} 37. Kg2 {[%emt 0:00:38]} Kh7 {[%emt 0:03:19]} 38. Rd1 {[%emt 0:03:28]} d5 {[%emt 0:01:19]} 39. Qd3 {[%emt 0:00:19]} Qxd3 {[%emt 0:00:30]} 40. Rxd3 {[%emt 0:00:04]} Rb4 {[%emt 0:00:13]} 41. Bf4 {[%emt 0:30:16]} Kg6 {[%emt 0:30:32]} 42. Bd2 {[%emt 0:00:14]} Rb6 {[%emt 0:00:15]} 43. Be3 {[%emt 0:00:34]} Kf5 {[%emt 0:00:59]} 44. Rc3 {[%emt 0:00:33]} Bd6 {[%emt 0:00:24]} 45. Kf1 {[%emt 0:00:33]} g5 {[%emt 0:01:25]} 46. Kg2 {[%emt 0:00:28]} f6 {[%emt 0:00:06]} 47. Kf1 {[%emt 0:00:41]} Bh2 {[%emt 0:02:48]} 48. Kg2 {[%emt 0:01:03]} Bb8 {[%emt 0:00:05]} 49. Kf1 {[%emt 0:00:12]} Bd6 {[%emt 0:00:11]} 50. Kg2 {[%emt 0:00:27]} Ba3 {[%emt 0:01:21]} 51. Kf1 {[%emt 0:00:26]} Bb2 {[%emt 0:00:08]} 52. Rd3 {[%emt 0:00:09]} Rb5 {[%emt 0:00:10]} 53. Ke2 {[%emt 0:00:46]} e5 {[%emt 0:00:13]} 54. Kf1 {[%emt 0:01:55]} e4 {[%emt 0:03:37]} 55. fxe4+ {[%emt 0:00:12]} Kxe4 {[%emt 0:00:03]} 56. Ke2 {[%emt 0:00:47]} g4 {[%emt 0:00:05]} 57. hxg4 {[%emt 0:00:07]} hxg4 {[%emt 0:00:01]} 58. Bd2 {[%emt 0:01:29]} Bxd4 {[%emt 0:00:08]} 59. f3+ {[%emt 0:00:06]} gxf3+ {[%emt 0:00:15]} 60. Rxf3 {[%emt 0:00:05]} Be5 {[%emt 0:00:43]} 61. Re3+ {[%emt 0:00:47]} Kf5 {[%emt 0:00:02]} 62. b4 {[%emt 0:01:52]} d4 {[%emt 0:01:20]} 63. Rh3 {[%emt 0:01:22]} Ke4 {[%emt 0:00:11]} 64. Rh4+ {[%emt 0:00:29]} Kd5 {[%emt 0:00:34]} 65. Kd3 {[%emt 0:00:07]} Rb8 {[%emt 0:01:22]} 66. Rh7 {[%emt 0:00:18]} Ra8 {[%emt 0:00:52]} 67. Rd7+ {[%emt 0:00:16]} Kc6 {[%emt 0:00:04]} 68. Rf7 {[%emt 0:00:44]} Ra2 {[%emt 0:00:49]} 69. Rf8 {[%emt 0:02:41]} Rb2 {[%emt 0:00:21]} 70. Ra8 {[%emt 0:01:17]} Kd5 {[%emt 0:00:36]} 71. Ra5+ {[%emt 0:00:19]} Ke6 {[%emt 0:00:24]} 72. Ra8 {[%emt 0:00:36]} Bd6 {[%emt 0:01:00]} 73. Ra6 {[%emt 0:00:28]} Kd5 {[%emt 0:02:06]} 74. Ra5+ {[%emt 0:00:08]} Kc6 {[%emt 0:00:07]} 75. Ra6+ {[%emt 0:00:14]} Kc7 {[%emt 0:00:26]} 76. Bh6 {[%emt 0:01:06]} Rxb4 {[%emt 0:00:25]} 77. Rxd6 {[%emt 0:00:41]} Rb3+ {[%emt 0:00:05]} 78. Kc4 {[%emt 0:00:11]} Kxd6 {[%emt 0:00:09]} 79. Kxb3 {[%emt 0:00:08]} Kd5 {[%emt 0:05:07]} 1/2-1/2

[Event "Irish New Year Events-GM 2020"]
[Site "Dublin"]
[Date "2020.01.06"]
[Round "8.4"]
[White "Astaneh Lopez, Alex"]
[Black "Kosten, Anthony C."]
[Result "1-0"]
[WhiteElo "2432"]
[BlackElo "2402"]
[Annotator "RC"]
[PlyCount "113"]
[EventDate "2020.01.02"]
[EventType "tourn"]
[EventCountry "IRL"]
[SourceTitle "playchess.com"]
[Source "ChessBase"]
[SourceQuality "1"]
[TimeControl "40/5400+30:1800+30"]

1. d4 {[%emt 0:12:40]} Nf6 {[%emt 0:00:00]} 2. c4 {[%emt 0:00:04]} e6 {[%emt 0:00:00]} 3. Nf3 {[%emt 0:00:04]} Bb4+ {[%emt 0:00:18]} 4. Nbd2 {[%emt 0:00:07]} O-O {[%emt 0:00:59]} 5. a3 {[%emt 0:00:04]} Be7 {[%emt 0:00:05]} 6. e4 {[%emt 0:00:32]} d6 {[%emt 0:00:08]} 7. Qc2 {[%emt 0:08:54]} Nfd7 {[%emt 0:01:10]} 8. b4 {[%emt 0:02:03]} a5 {[%emt 0:03:40]} 9. Bb2 {[%emt 0:02:21]} axb4 {[%emt 0:00:14]} 10. axb4 {[%emt 0:00:04]} Rxa1+ {[%emt 0:00:06]} 11. Bxa1 {[%emt 0:00:03]} e5 {[%emt 0:02:03]} 12. d5 {[%emt 0:01:29]} Na6 {[%emt 0:07:40]} 13. Bc3 {[%emt 0:02:16]} c6 {[%emt 0:01:10]} 14. Be2 {[%emt 0:05:25]} cxd5 {[%emt 0:01:10]} 15. cxd5 {[%emt 0:03:16]} Qc7 {[%emt 0:00:41]} 16. Qb3 {[%emt 0:01:53]} Nb6 {[%emt 0:03:03]} 17. O-O {[%emt 0:06:47]} Bd7 {[%emt 0:03:49]} 18. Rc1 {[%emt 0:02:13]} Na4 {[%emt 0:01:36]} 19. Bb2 {[%emt 0:00:26]} Qb8 {[%emt 0:01:13]} 20. Ba3 {[%emt 0:04:32]} b5 {[%emt 0:01:07]} 21. Nb1 {[%emt 0:08:14]} Bd8 {[%emt 0:00:52]} 22. Nc3 {[%emt 0:01:55]} Nxc3 {[%emt 0:00:14]} 23. Rxc3 {[%emt 0:01:02]} Bb6 {[%emt 0:00:34]} 24. Bc1 {[%emt 0:00:11]} Rc8 {[%emt 0:02:53]} 25. Bd2 {[%emt 0:02:00]} Rxc3 {[%emt 0:01:46]} 26. Qxc3 {[%emt 0:01:55]} h6 {[%emt 0:01:38]} 27. h3 {[%emt 0:12:13]} Qa7 {[%emt 0:01:40]} 28. Be1 {[%emt 0:01:12]} Nc7 {[%emt 0:00:46]} 29. Nd2 {[%emt 0:04:32]} Qa2 {[%emt 0:10:44]} 30. Kf1 {[%emt 0:02:23]} Kf8 {[%emt 0:18:16]} 31. Bg4 {[%emt 0:00:51]} f5 {[%emt 0:03:01]} 32. Bxf5 {[%emt 0:00:51]} Bxf5 {[%emt 0:08:57]} 33. Qf3 {[%emt 0:00:06]} g6 {[%emt 0:03:33]} 34. g4 {[%emt 0:00:45]} Qc2 {[%emt 0:01:07]} 35. gxf5 {[%emt 0:00:18]} gxf5 {[%emt 0:00:23]} 36. Qxf5+ {[%emt 0:00:23]} Ke7 {[%emt 0:00:07]} 37. Nf3 {[%emt 0:04:35]} Qd3+ {[%emt 0:03:37]} 38. Kg2 {[%emt 0:00:24]} Qe2 {[%emt 0:00:22]} 39. Qh7+ {[%emt 0:01:46]} Ke8 {[%emt 0:00:16]} 40. Qg6+ {[%emt 0:00:58]} Kd7 {[%emt 0:01:05]} 41. Qg4+ {[%emt 0:30:11]} Ke7 {[%emt 0:33:01]} 42. Nxe5 {[%emt 0:00:10]} Qxg4+ {[%emt 0:01:08]} 43. Nxg4 {[%emt 0:00:05]} h5 {[%emt 0:00:07]} 44. Nh6 {[%emt 0:00:29]} Kf6 {[%emt 0:00:48]} 45. Bc3+ {[%emt 0:00:08]} Kg6 {[%emt 0:00:21]} 46. Nf5 {[%emt 0:00:04]} Nxd5 {[%emt 0:01:05]} 47. Nh4+ {[%emt 0:00:05]} Kg5 {[%emt 0:00:07]} 48. exd5 {[%emt 0:00:05]} Kf4 {[%emt 0:01:35]} 49. Ng6+ {[%emt 0:04:10]} Ke4 {[%emt 0:00:29]} 50. Ne7 {[%emt 0:00:40]} Kd3 {[%emt 0:00:43]} 51. Be1 {[%emt 0:00:59]} Ke2 {[%emt 0:01:16]} 52. Nc8 {[%emt 0:00:11]} Bd4 {[%emt 0:00:22]} 53. Nxd6 {[%emt 0:00:16]} Kxe1 {[%emt 0:00:06]} 54. Nxb5 {[%emt 0:00:10]} Bxf2 {[%emt 0:00:20]} 55. d6 {[%emt 0:00:03]} Bb6 {[%emt 0:00:31]} 56. Nc3 {[%emt 0:00:21]} Kd2 {[%emt 0:01:51]} 57. Nd5 {[%emt 0:00:10]} 1-0

[Event "Irish New Year Events-GM 2020"]
[Site "Dublin"]
[Date "2020.01.06"]
[Round "8.5"]
[White "Pajeken, Jakob Leon"]
[Black "Collins, Sam E."]
[Result "1/2-1/2"]
[WhiteElo "2327"]
[BlackElo "2446"]
[Annotator "RC"]
[PlyCount "42"]
[EventDate "2020.01.02"]
[EventType "tourn"]
[EventCountry "IRL"]
[SourceTitle "playchess.com"]
[Source "ChessBase"]
[SourceQuality "1"]
[TimeControl "40/5400+30:1800+30"]

1. d4 {[%emt 0:00:00]} Nf6 {[%emt 1:30:30]} 2. Nf3 {[%emt 0:00:00]} g6 {[%emt 0:00:16]} 3. g3 {[%emt 0:00:00]} Bg7 {[%emt 0:00:18]} 4. Bg2 {[%emt 0:00:00]} d5 {[%emt 0:00:24]} 5. O-O {[%emt 0:00:25]} c6 {[%emt 0:00:31]} 6. Ne5 {[%emt 0:00:16]} O-O {[%emt 0:00:52]} 7. c4 {[%emt 0:00:34]} Ne4 {[%emt 1:31:00]} 8. cxd5 {[%emt 0:03:03]} cxd5 {[%emt 0:00:48]} 9. Nc3 {[%emt 0:05:33]} Nxc3 {[%emt 0:00:34]} 10. bxc3 {[%emt 0:00:07]} Nc6 {[%emt 0:05:18]} 11. Nxc6 {[%emt 0:01:18]} bxc6 {[%emt 0:00:06]} 12. Ba3 {[%emt 0:06:28]} Ba6 {[%emt 0:01:00]} 13. Re1 {[%emt 0:04:57]} Re8 {[%emt 0:00:54]} 14. Bc5 {[%emt 0:02:15]} Bf8 {[%emt 0:10:14]} 15. Qa4 {[%emt 0:09:35]} Bb5 {[%emt 0:01:15]} 16. Qc2 {[%emt 0:01:19]} e5 {[%emt 0:08:11]} 17. Bxf8 {[%emt 0:01:32]} Kxf8 {[%emt 0:00:51]} 18. e4 {[%emt 0:00:57]} exd4 {[%emt 0:26:18]} 19. cxd4 {[%emt 0:00:58]} Bc4 {[%emt 0:01:03]} 20. exd5 {[%emt 1:00:43]} Rxe1+ 21. Rxe1 Bxd5 {[%emt 0:01:00]} 1/2-1/2

[Event "Irish New Year Events-GM 2020"]
[Site "Dublin"]
[Date "2020.01.06"]
[Round "9.1"]
[White "Li, Henry"]
[Black "Brady, Stephen"]
[Result "0-1"]
[WhiteElo "2288"]
[BlackElo "2285"]
[Annotator "ChessBase"]
[PlyCount "72"]
[EventDate "2020.01.02"]
[EventType "tourn"]
[EventCountry "IRL"]
[SourceTitle "playchess.com"]
[Source "ChessBase"]
[SourceQuality "1"]
[TimeControl "40/5400+30:1800+30"]

1. e4 {[%emt 0:00:00]} d6 {[%emt 0:07:01]} 2. d4 {[%emt 0:03:31]} Nf6 {[%emt 0:00:05]} 3. Nc3 {[%emt 0:00:05]} g6 {[%emt 0:00:05]} 4. f4 {[%emt 0:00:10]} Bg7 {[%emt 0:00:07]} 5. Nf3 {[%emt 0:00:08]} O-O {[%emt 0:00:08]} 6. e5 {[%emt 0:00:11]} Nfd7 {[%emt 0:00:42]} 7. Bc4 {[%emt 0:00:16]} Nb6 {[%emt 0:00:22]} 8. Bb3 {[%emt 0:00:05]} Nc6 {[%emt 0:00:36]} 9. a4 {[%emt 0:00:06]} Na5 {[%emt 0:00:49]} 10. Ba2 {[%emt 0:00:05]} c5 {[%emt 0:00:10]} 11. dxc5 {[%emt 0:07:27]} dxc5 {[%emt 0:00:06]} 12. Qe2 {[%emt 0:03:35]} c4 {[%emt 0:14:23]} 13. Be3 {[%emt 0:05:04]} Be6 {[%emt 0:00:33]} 14. Rd1 {[%emt 0:11:21]} Qc8 {[%emt 0:00:39]} 15. Qf2 {[%emt 0:00:37]} f6 {[%emt 0:03:19]} 16. Bxb6 {[%emt 0:11:08]} axb6 {[%emt 0:00:12]} 17. Nd5 {[%emt 0:09:46]} Bxd5 {[%emt 0:06:04]} 18. Rxd5 {[%emt 0:00:06]} Qc6 {[%emt 0:00:15]} 19. Rb5 {[%emt 0:04:26]} Qe4+ {[%emt 0:15:54]} 20. Qe2 {[%emt 0:00:05]} Qxf4 {[%emt 0:00:05]} 21. O-O {[%emt 0:00:05]} fxe5 {[%emt 0:00:26]} 22. Kh1 {[%emt 0:01:22]} Kh8 {[%emt 0:08:31]} 23. Re1 {[%emt 0:01:24]} Nc6 {[%emt 0:02:30]} 24. Bxc4 {[%emt 0:01:25]} Rxa4 {[%emt 0:00:51]} 25. b3 {[%emt 0:01:12]} Ra2 {[%emt 0:00:23]} 26. Rxb6 {[%emt 0:03:00]} e4 {[%emt 0:13:50]} 27. Qxe4 {[%emt 0:01:12]} Qxe4 {[%emt 0:00:09]} 28. Rxe4 {[%emt 0:00:05]} Ra1+ {[%emt 0:00:15]} 29. Re1 {[%emt 0:01:06]} Rxe1+ {[%emt 0:00:07]} 30. Nxe1 {[%emt 0:00:06]} Ra8 {[%emt 0:00:06]} 31. Rxb7 {[%emt 0:01:46]} Ra1 {[%emt 0:00:17]} 32. Kg1 {[%emt 0:00:06]} Rxe1+ {[%emt 0:02:40]} 33. Kf2 {[%emt 0:00:06]} Rc1 {[%emt 0:01:27]} 34. Rc7 {[%emt 0:02:34]} Rxc2+ {[%emt 0:01:16]} 35. Ke3 {[%emt 0:03:34]} Bh6+ {[%emt 0:00:39]} 36. Ke4 {[%emt 0:00:14]} Na5 {[%emt 0:00:39]} 0-1

[Event "Irish New Year Events-GM 2020"]
[Site "Dublin"]
[Date "2020.01.06"]
[Round "9.3"]
[White "Pert, Nicholas"]
[Black "Pajeken, Jakob Leon"]
[Result "1/2-1/2"]
[WhiteElo "2558"]
[BlackElo "2327"]
[Annotator "RC"]
[PlyCount "95"]
[EventDate "2020.01.02"]
[EventType "tourn"]
[EventCountry "IRL"]
[SourceTitle "playchess.com"]
[Source "ChessBase"]
[SourceQuality "1"]
[TimeControl "40/5400+30:1800+30"]

1. d4 {[%emt 0:04:24]} d5 {[%emt 0:00:00]} 2. c4 {[%emt 0:00:05]} dxc4 {[%emt 0:00:00]} 3. e4 {[%emt 0:00:09]} Nf6 {[%emt 0:00:14]} 4. e5 {[%emt 0:00:31]} Nd5 {[%emt 0:00:05]} 5. Bxc4 {[%emt 0:00:10]} Bf5 {[%emt 0:00:11]} 6. Nf3 {[%emt 0:04:54]} e6 {[%emt 0:00:38]} 7. Nc3 {[%emt 0:02:05]} Nb6 {[%emt 0:02:15]} 8. Bb5+ {[%emt 0:06:48]} c6 {[%emt 0:04:32]} 9. Bd3 {[%emt 0:00:53]} Bxd3 {[%emt 0:06:03]} 10. Qxd3 {[%emt 0:00:03]} Na6 {[%emt 0:02:29]} 11. O-O {[%emt 0:00:45]} Qd7 {[%emt 0:04:15]} 12. Rd1 {[%emt 0:08:36]} Nb4 {[%emt 0:09:27]} 13. Qe4 {[%emt 0:03:20]} N4d5 {[%emt 0:01:02]} 14. a3 {[%emt 0:10:01]} c5 {[%emt 0:05:59]} 15. Bd2 {[%emt 0:11:42]} c4 {[%emt 0:01:51]} 16. Rac1 {[%emt 0:01:44]} Rc8 {[%emt 0:03:58]} 17. Ne2 {[%emt 0:02:21]} Na4 {[%emt 0:08:06]} 18. Rc2 {[%emt 0:03:53]} b5 {[%emt 0:02:04]} 19. Qg4 {[%emt 0:02:26]} a6 {[%emt 0:11:16]} 20. Ng5 {[%emt 0:01:54]} c3 {[%emt 0:07:05]} 21. bxc3 {[%emt 0:04:34]} Bxa3 {[%emt 0:02:15]} 22. Ne4 {[%emt 0:00:05]} O-O {[%emt 0:03:03]} 23. Nf6+ {[%emt 0:02:46]} Nxf6 {[%emt 0:00:08]} 24. exf6 {[%emt 0:00:03]} g6 {[%emt 0:00:01]} 25. c4 {[%emt 0:02:35]} Rfd8 {[%emt 0:02:09]} 26. c5 {[%emt 0:01:20]} e5 {[%emt 0:00:41]} 27. Qg5 {[%emt 0:05:08]} Qf5 {[%emt 0:01:43]} 28. Qxf5 {[%emt 0:02:14]} gxf5 {[%emt 0:00:02]} 29. Ba5 {[%emt 0:01:02]} Rd5 {[%emt 0:00:48]} 30. Nc3 {[%emt 0:07:58]} Nxc3 {[%emt 0:02:43]} 31. Rxc3 {[%emt 0:00:12]} Bxc5 {[%emt 0:00:49]} 32. Kf1 {[%emt 0:02:59]} exd4 {[%emt 0:01:13]} 33. Rg3+ {[%emt 0:00:21]} Kh8 {[%emt 0:01:30]} 34. Rg7 {[%emt 0:00:48]} Rd7 {[%emt 0:01:50]} 35. Rd3 {[%emt 0:01:17]} Rg8 {[%emt 0:03:14]} 36. Rxg8+ {[%emt 0:02:26]} Kxg8 {[%emt 0:14:21]} 37. Rg3+ {[%emt 0:00:03]} Kf8 {[%emt 0:00:00]} 38. Rg5 {[%emt 0:01:09]} Rd5 {[%emt 0:00:00]} 39. Rh5 {[%emt 0:00:08]} d3 {[%emt 0:00:00]} 40. Rxh7 {[%emt 0:00:09]} Ke8 {[%emt 0:00:00]} 41. Rh8+ {[%emt 0:31:38]} Kd7 {[%emt 0:21:17]} 42. h4 {[%emt 0:00:14]} Ke6 {[%emt 0:01:09]} 43. Bd2 {[%emt 0:02:08]} Rd6 {[%emt 0:03:54]} 44. h5 {[%emt 0:00:23]} Bd4 {[%emt 0:07:40]} 45. h6 {[%emt 0:04:06]} Bxf6 {[%emt 0:00:30]} 46. Re8+ {[%emt 0:00:30]} Kd7 47. Rg8 b4 {[%emt 0:01:00]} 48. Rg6 {[%emt 0:01:00]} 1/2-1/2

[Event "Irish New Year Events-GM 2020"]
[Site "Dublin"]
[Date "2020.01.06"]
[Round "9.4"]
[White "Turner, Matthew J"]
[Black "Fitzsimons, David"]
[Result "1-0"]
[WhiteElo "2521"]
[BlackElo "2317"]
[Annotator "RC"]
[PlyCount "117"]
[EventDate "2020.01.02"]
[EventType "tourn"]
[EventCountry "IRL"]
[SourceTitle "playchess.com"]
[Source "ChessBase"]
[SourceQuality "1"]
[TimeControl "40/5400+30:1800+30"]

1. d4 {[%emt 0:00:00]} Nf6 {[%emt 0:00:00]} 2. Nf3 {[%emt 0:00:30]} g6 {[%emt 0:00:30]} 3. Nc3 {[%emt 0:00:30]} Bg7 {[%emt 0:00:30]} 4. e4 {[%emt 0:00:30]} d5 {[%emt 0:00:30]} 5. e5 {[%emt 0:00:30]} Ne4 {[%emt 0:00:30]} 6. Nxe4 {[%emt 0:00:30]} dxe4 {[%emt 0:00:30]} 7. Ng5 {[%emt 0:00:30]} c5 {[%emt 0:00:30]} 8. dxc5 {[%emt 0:00:30]} Qc7 {[%emt 0:00:30]} 9. Bf4 {[%emt 0:00:30]} O-O {[%emt 0:00:30]} 10. Bc4 {[%emt 0:00:30]} Qxc5 {[%emt 0:00:30]} 11. Qd5 {[%emt 0:00:30]} Qxd5 {[%emt 0:00:30]} 12. Bxd5 {[%emt 0:00:30]} Nc6 {[%emt 0:00:30]} 13. Bxc6 {[%emt 0:00:30]} bxc6 {[%emt 0:00:30]} 14. Nxe4 {[%emt 0:00:30]} Bf5 {[%emt 0:00:30]} 15. f3 {[%emt 0:00:30]} Rfd8 {[%emt 0:00:30]} 16. Rd1 {[%emt 0:00:30]} Rd5 {[%emt 0:00:30]} 17. c4 {[%emt 0:00:30]} Rxd1+ {[%emt 0:00:30]} 18. Kxd1 {[%emt 0:00:30]} Rd8+ {[%emt 0:00:30]} 19. Kc2 {[%emt 0:00:30]} g5 {[%emt 0:00:30]} 20. Bxg5 {[%emt 0:00:30]} Bxe5 {[%emt 0:00:30]} 21. Be3 {[%emt 0:00:30]} a6 {[%emt 0:00:30]} 22. b3 {[%emt 0:00:30]} h5 {[%emt 0:00:30]} 23. h3 {[%emt 0:00:30]} Rd6 {[%emt 0:00:30]} 24. g4 {[%emt 0:00:30]} hxg4 {[%emt 0:00:30]} 25. hxg4 {[%emt 0:00:30]} Bg6 {[%emt 0:00:30]} 26. Rh3 {[%emt 0:00:30]} f5 {[%emt 0:00:30]} 27. gxf5 {[%emt 0:00:30]} Bxf5 {[%emt 0:00:30]} 28. Rh5 {[%emt 0:00:30]} Rf6 {[%emt 0:00:30]} 29. Kd2 {[%emt 0:00:30]} Rf7 {[%emt 0:00:30]} 30. Rg5+ {[%emt 0:00:30]} Kf8 {[%emt 0:00:30]} 31. Nc5 {[%emt 0:00:30]} Bd6 {[%emt 0:00:30]} 32. Ne4 {[%emt 0:00:30]} Bb4+ {[%emt 0:00:30]} 33. Ke2 {[%emt 0:00:30]} Ke8 {[%emt 0:00:30]} 34. Rg8+ {[%emt 0:00:30]} Rf8 {[%emt 0:00:30]} 35. Rxf8+ {[%emt 0:00:30]} Kxf8 {[%emt 0:00:30]} 36. Kd3 {[%emt 0:00:30]} Ke8 {[%emt 0:00:30]} 37. Kd4 {[%emt 0:00:30]} Kd7 {[%emt 0:00:30]} 38. Ke5 {[%emt 0:00:30]} Bg6 {[%emt 0:00:30]} 39. Bb6 {[%emt 0:00:30]} e6 {[%emt 0:00:30]} 40. Kf6 {[%emt 0:00:30]} Bf5 {[%emt 0:00:30]} 41. Be3 {[%emt 0:30:30]} Ba3 {[%emt 0:30:30]} 42. Kf7 {[%emt 0:00:30]} Be7 {[%emt 0:00:30]} 43. Bh6 {[%emt 0:00:30]} e5 {[%emt 0:00:30]} 44. Bf8 {[%emt 0:00:30]} Bh4 {[%emt 0:00:30]} 45. Bg7 {[%emt 0:00:30]} Bh3 {[%emt 0:00:30]} 46. Bxe5 {[%emt 0:00:30]} Be7 {[%emt 0:00:30]} 47. Bf6 {[%emt 0:00:30]} Ba3 {[%emt 0:00:30]} 48. Bd4 {[%emt 0:00:30]} Bg2 {[%emt 0:00:30]} 49. Nf6+ {[%emt 0:00:30]} Kd6 {[%emt 0:00:30]} 50. f4 {[%emt 0:00:30]} Bc1 {[%emt 0:00:30]} 51. f5 {[%emt 0:00:30]} c5 {[%emt 0:00:30]} 52. Bc3 {[%emt 0:00:30]} Be3 {[%emt 0:00:30]} 53. Be1 {[%emt 0:00:30]} Bf4 {[%emt 0:00:30]} 54. Nh5 {[%emt 0:00:30]} Be5 {[%emt 0:00:30]} 55. f6 {[%emt 0:00:30]} Bf3 {[%emt 0:00:30]} 56. Ng3 {[%emt 0:00:30]} Kd7 {[%emt 0:00:30]} 57. Bf2 {[%emt 0:00:30]} a5 {[%emt 0:00:30]} 58. Kg6 {[%emt 0:00:30]} Ke6 {[%emt 0:00:30]} 59. f7 {[%emt 0:00:30]} 1-0

[Event "Irish New Year Events-GM 2020"]
[Site "Dublin"]
[Date "2020.01.06"]
[Round "9.5"]
[White "Kosten, Anthony C."]
[Black "Pang, Khai Jie Ryan"]
[Result "1-0"]
[WhiteElo "2402"]
[BlackElo "1841"]
[Annotator "TA"]
[PlyCount "81"]
[EventDate "2020.01.02"]
[EventType "tourn"]
[EventCountry "IRL"]
[SourceTitle "playchess.com"]
[Source "ChessBase"]
[SourceQuality "1"]

{[%evp 9,81,21,24,9,20,8,22,21,26,9,57,25,143,129,136,128,122,108,192,183,184,184,220,220,220,220,219,210,219,206,210,204,195,176,217,213,238,245,267,260,269,254,331,265,249,257,285,285,287,280,360,295,291,238,241,257,259,181,346,254,357,319,375,315,460,452,466,454,604,616,653,629,865,848]} 1. Nf3 Nc6 2. d4 d5 3. g3 Bf5 4. Bg2 Nb4 5. Na3 e6 6. c3 {D02: 1 d4 d5 2 Nf3 sidelines, including 2...Nf6 3 g3 and 2...Nf6 3 Bf4} Nc6 7. Nc2 {[%cal Ba3c2,Bc2e3,Be3d5][%mdl 32]} (7. Qb3 Rb8 8. O-O Be7 9. Bf4 a6 10. Ne5 Nf6 11. Rfd1 O-O 12. c4 Nb4 13. Rac1 c6 {0-1 (43) Svidler,P (2756)-Bauer,C (2626) Porto Carras 2018}) 7... h6 8. O-O {The position is equal.} Nf6 9. Nd2 $146 ({Predecessor:} 9. a4 Bd6 10. Nce1 O-O 11. Nd3 Ne4 12. a5 a6 13. Be3 Bh7 14. Qb3 {0-1 (78) Praggnanandhaa,R (2537)-Nihal,S (2606) Xingtai 2019}) 9... e5 10. Ne3 Bh7 (10... Be6 $11 {keeps the balance.}) 11. Qb3 $36 {[%mdl 2112] [#] Double Attack. White is in control.} exd4 12. Nxd5 Rb8 13. cxd4 Nxd4 (13... Nxd5 $16 14. Bxd5 Nxd4 15. Qe3+ (15. Bxf7+ Ke7 $11) 15... Ne6 16. Bxe6 (16. Qxa7 Nc5 $17) 16... fxe6) 14. Qe3+ $18 Ne6 15. Nxf6+ ({Don't go for} 15. Qxa7 $2 Nxd5 16. Bxd5 Nc5 $17) 15... Qxf6 16. Qxa7 Qd8 17. Bxb7 {Bc6+ is the strong threat.} Bc5 18. Qa4+ Ke7 19. Bg2 Qd4 20. Qc6 Rb6 21. Qf3 {Hoping for Nb3.} Ng5 22. Qc3 Qxc3 23. bxc3 Re6 24. Nb3 Bb6 25. Ba3+ Kf6 26. h4 Ne4 {and if ...Nxg3 works, Black does fine.} 27. e3 g5 28. hxg5+ hxg5 29. c4 {[%cal Bc3c4,Bc4c5][%mdl 32]} Rhe8 30. c5 Ba7 31. Bh3 Ra6 32. Bb2+ Ke7 33. Rfd1 Rh6 $2 (33... Nxc5 34. Nxc5 Bxc5 35. Rd7+ Kf8 36. Rxc7 Bd6) 34. Rd7+ {[%mdl 64] [#] Double Attack} Kf8 35. Bg2 ({And not} 35. Rxc7 Bb8 $17) 35... Rc6 36. Nd4 Rh6 (36... Ra6 $142 37. Nb5 Rb8) 37. Rxc7 {White is clearly winning.} Bb8 38. Rc6 f6 39. Rd1 g4 40. Ne6+ Ke7 41. Ng7 {Accuracy: White = 73%, Black = 31%.} 1-0